| 000 | 00738nam a22001937a 4500 | ||
|---|---|---|---|
| 999 |
_c169487 _d169487 |
||
| 005 | 20191121144527.0 | ||
| 010 | _aUR-10597 | ||
| 020 |
_c300.00 _a9789389002744 |
||
| 035 | _aU-9152 | ||
| 037 |
_bDBAD/PUB _a- |
||
| 082 | _a841.08 | ||
| 100 | _aخا ن ر ضو ا نہ بيگم | ||
| 245 |
_aا ر د و کی چند ا ہم طو يل نظمو ں کا تجز يہ _cخا ن ر ضو ا نہ بيگم |
||
| 246 |
_bUrdu ki Chand Ahem Taweel Nazmon Ka Tajaziya (Urdu) _aby Khan Rizwana Begum |
||
| 260 |
_aDelhi _bEducational Publishing House _c2019 ء |
||
| 270 |
_a3191,Vakil Street, Kucha Pandit,Lal Kuan, _bDelhi _e110006 _k01123216162 _l- |
||
| 300 |
_a288 ص _c22 Cm(Hb) |
||
| 942 |
_2ddc _cUR _h841.08 _mخ ا ن |
||